000
00212nam a22000857a 4500
008
160715b xxu||||| |||| 00| 0 eng d
100
_9
2914
_a
Carson, R
245
_a
Silent Spring
260
_a
Greenwich
_b
Fawcett
_c
1962
999
_c
2479
_d
2479